| 000 | 00377pab a2200145 454500 | ||
|---|---|---|---|
| 008 | 180718b1985 xxu||||| |||| 00| 0 eng d | ||
| 100 | _aGrizzle, Gloria A. | ||
| 245 | _aPriority - setting methods for plural policy making bodies | ||
| 260 | _c1985 | ||
| 300 | _a331-59 | ||
| 362 | _aNov. | ||
| 650 | _aPublic Policy | ||
| 773 | _aAdministration and Society | ||
| 909 | _a16673 | ||
| 999 |
_c16673 _d16673 |
||